000 00261nam a2200097Ia 4500
001 1015080
005 20250826230854.0
008 250824s9999 xx 000 0 und d
245 0 _aBAY TİLKİ VE KIRMIZI İP
_cFRANZISKA BIERMANN
260 _bHEP KİTAP YAYINLARI
999 _c1015080
_d1015080